| 000 | 00394nam a2200157Ia 4500 | ||
|---|---|---|---|
| 008 | 230718s9999 xx 000 0 und d | ||
| 041 | _aeng | ||
| 082 |
_a530 _bKAR |
||
| 100 |
_aKar R. K. _9141965 |
||
| 245 | _aEngineering Physics. | ||
| 260 | _bNew Central Book Agency | ||
| 300 | _a600 | ||
| 365 |
_cRs. _b350.00 |
||
| 700 |
_aKar R. K. _9141965 |
||
| 906 |
_dB:540105-Aug-2008 _cALLEDS _b70 |
||
| 999 |
_c319251 _d319251 |
||